000 00388nam a2200133Ia 4500
008 100328s9999 xx 000 0 und d
082 _b24307
100 _aबोरकर वि.ज.
245 _aमाती आणि आदेऊश
260 _bमौज
630 _aमाती आणि आदेऊश
730 _aमाती आणि आदेऊश
942 _cBOOK
999 _c517704
_d517701